Koleksi ucapan Abdullah Ahmad Badawi 2005

Bibliographic Details
Main Author: Abdullah Ahmad Badawi Dato Seri , 1939-
Other Authors: Mahazir Yusuff
Format: Book
Published: Kuala Lumpur : Jabatan Penerangan Malaysia , 2005
Series:Siri ucapan penting
Subjects:

MARC

LEADER 00000cam a2200000 7i4500
001 0000018833
005 20070601.0
020 |a 9835404909 
040 |a INS 
090 0 0 |a DS597.215.A23   |b A23 2005 
100 0 |a Abdullah Ahmad Badawi   |c Dato Seri ,   |d 1939- 
245 0 0 |a Koleksi ucapan Abdullah Ahmad Badawi 2005   |c Abdullah Ahmad Badawi   |f disusun dan disunting oleh Mahazir Yusuff 
260 |a Kuala Lumpur :   |b Jabatan Penerangan Malaysia ,   |c 2005 
300 |a xii, 128 ms. :   |b 26 cm 
440 1 |a Siri ucapan penting 
600 0 0 |a Abdullah Ahmad Badawi ,   |c Dato' Seri ,   |d 1939 - 
650 0 0 |a Speeches, Addresses, etc. 
651 0 |a Malaysia   |x Economics conditions 
651 0 |a Malaysia   |x Politics and government 
651 0 |a Malaysia   |x Social conditions 
700 0 |a Mahazir Yusuff 
999 |a 0000018457   |b BOOK   |c Open Shelf   |e Default branch 
999 |a 1000000003   |b BOOK   |c Open Shelf   |e Default branch